000 01334nam a22002537a 4500
005 20240208121245.0
008 240208s2024 wlk|||||o||||o00| 0 eng d
041 _aeng
245 _aPlanning Policy Wales
250 _aedition 12
260 _bWelsh Government,
_cFebruary 2024
300 _a187p.
520 _aAn updated publication supplemented by a series of technical advice notes, circulars, and policy clarification letters setting out the land use planning policies of the Welsh Government. The primary objective is to ensure that the planning system contributes towards the delivery of sustainable development and improves the social, economic, environmental and cultural well-being of Wales and its communities. Where appropriate, it also translates wider Welsh Government objectives, strategies and policy into land use planning policy.
650 _aPLANNING
650 _aLAND USE
650 _aPLACEMAKING
650 _aWALES
662 _aWales
690 _96259
_aPlanning and development
710 2 _96155
_aWelsh Government
856 _uhttps://www.gov.wales/sites/default/files/publications/2024-02/planning-policy-wales-edition-12.pdf
_zPolicy available online
856 _uhttps://www.gov.wales/planning-policy-wales
_zTechnical Advice notes and supporting materials
942 _cONLINE
_2ddc
999 _c121797
_d121797